000
00339nam a22001457a 4500
008
210511b ||||| |||| 00| 0 eng d
020
_a
9780683304893
041
_a
eng
080
_2
2nd
_a
616-053.2
082
_a
616-053.2
100
_a
8
101
_a
PED
245
_a
Pediatric Occupational Therapy
_c
Paula Kramer
942
_2
udc
_c
BK
999
_c
57208
_d
57208